The journals of Andre Gide : 1889-1949 V2 1924-1949 (Record no. 196100)

MARC details
000 -LEADER
fixed length control field 00382nam a2200145Ia 4500
008 - FIXED-LENGTH DATA ELEMENTS--GENERAL INFORMATION
fixed length control field 230917s9999||||xx |||||||||||||| ||und||
040 ## - CATALOGING SOURCE
-- 48356
Original cataloging agency VIVEKANANDA LIBRARY
041 ## - Language
-- English
082 ## - DDC NUMBER
Classification number 843.8 G361J
100 ## - MAIN ENTRY--PERSONAL NAME
Personal name O'Brien, Justin, ed
245 #4 - TITLE STATEMENT
Title The journals of Andre Gide : 1889-1949 V2 1924-1949
260 ## - PUBLICATION, DISTRIBUTION, ETC. (IMPRINT)
Place of publication, distribution, etc New York
Name of publisher, distributor, etc Vintage Books
Date of publication, distribution, etc 1956
300 ## - PHYSICAL DESCRIPTION
Pages 368 p.
942 ## - ADDED ENTRY ELEMENTS (KOHA)
Koha item type Books
Holdings
Withdrawn status Lost status Damaged status Not for loan Location (home branch) Sublocation or collection (holding branch) Date acquired Koha issues (times borrowed) Koha full call number Accession No. Koha date last seen Koha item type
        VIVEKANANDA LIBRARY VIVEKANANDA LIBRARY 03/12/2002   843.8 G361J 54086 17/09/2023 Books
© Designed and Maintained by Vivekananda Library, MDU Rohtak